| 000 | 00846nas a2200277 4500 | ||
|---|---|---|---|
| 001 | BR9804201 | ||
| 003 | BR-BrBNA | ||
| 005 | 20231205101040.0 | ||
| 007 | ta | ||
| 008 | 230509b bl.|||p| |||| 00| 00por d | ||
| 040 |
_aBR-BrBNA _bpor _cBiblioteca Nacional de Agricultura |
||
| 041 | _a(Pt) | ||
| 072 | _aL74 | ||
| 100 | 1 | _aBorges, A.S. | |
| 100 | 1 | _aMendes, L.C.N. | |
| 100 | 1 | _aVasconcelos, R. | |
| 100 | 1 | _aAlves, A.L.G. | |
| 100 | 1 | _aRodrigues, C.A. | |
| 245 | 1 | _aEspinha bifida e mielodisplasia em ruminantes: relato de caso | |
| 650 | _aDisturbio Animal | ||
| 650 | _aColuna Vertebral | ||
| 650 | _aMedula Espinal | ||
| 773 | 0 |
_tArquivo Brasileiro de Medicina Veterinaria e Zootecnia (Brazil) _xISSN 0102-0935 _g(Dec 1997), v. 49(6) p. 673-683 _wBR9804201 |
|
| 909 |
_a202311 _bLúcia _c55 _dLúcia Elande |
||
| 942 |
_2AGRIS _n0 _cANA |
||
| 999 |
_c159429 _d159429 |
||